00506nam a22001577a 450000500170000000800410001702000140005805000210007210000310009324500740012425000220019826000420022030000280026250000220029065000360031220190131125210.0190128b1988 ag ||||| |||| 001 0 spa d a95020049904aRA1018bA24 19881 aAchával, Alfredo,eautor10aManual de medicina legal b: práctica forense /cAlfredo Achával. aTercera edición aBuenos Aires :bAbeledo-Perrot,c1988 a987 páginas ;c24 cm. aIncluye índice 72lembaMedicina legalzArgentina